UBT Library

SECURITIES REGULATION (Record no. 40644)

000 -LEADER
fixed length control field 00267nam a22001217a 4500
008 - FIXED-LENGTH DATA ELEMENTS--GENERAL INFORMATION
fixed length control field 180122b xxu||||| |||| 00| 0 eng d
041 ## - LANGUAGE CODE
Language code of text/sound track or separate title eng
080 ## - UNIVERSAL DECIMAL CLASSIFICATION NUMBER
Edition identifier 11 ED
Universal Decimal Classification number 34
100 ## - Rafti
Rafti 14
101 ## - Shkurtesa
Shkurtesa JUR
245 ## - TITLE STATEMENT
Title SECURITIES REGULATION
Statement of responsibility, etc JOHN.C.C
942 ## - ADDED ENTRY ELEMENTS (KOHA)
Source of classification or shelving scheme
Item type Books
Holdings
Withdrawn status Lost status Source of classification or shelving scheme Damaged status Not for loan Collection code Permanent location Current location Shelving location Date acquired Total Checkouts Full call number Barcode Date last seen Price effective from Koha item type
          Koleksioni i përgjithshem UBT - Lipjan UBT - Lipjan Koleksioni i përgjithshem 01/22/2018   34 JOH 002-2996016 01/22/2018 01/22/2018 Books
UBT Library © 2015-2024. All rights reserved University Education for Business and Technology